000 00594nam a22001817a 4500
003 LK-CoMWRAF
005 20240229144533.0
008 240226b2002 |||||||| |||| 00| 0 eng d
040 _aLK-CoMWRAF
_dLK-CoMWRAF
_eLK-CoMWRAF
041 _aeng
082 _a750
_bBLE
245 _aThe blessing way of the painted dove:
_brites, images and offerings from the butterfly peace garden of Batticaloa
260 _a[Batticaloa]:
_b[Butterfly peace garden],
_c2002
300 _aUnnumbered pg.
650 _aPAINTINGS-Exhibitions-Sri Lanka
650 _aPaintings-War affected- Sri Lanka
942 _cBK
999 _c4820
_d4820